<?xml version="1.0" encoding="UTF-8"?>
<record
    xmlns:xsi="http://www.w3.org/2001/XMLSchema-instance"
    xsi:schemaLocation="http://www.loc.gov/MARC21/slim http://www.loc.gov/standards/marcxml/schema/MARC21slim.xsd"
    xmlns="http://www.loc.gov/MARC21/slim">

  <leader>02344cam a2200457 a 4500</leader>
  <controlfield tag="001">13467113</controlfield>
  <controlfield tag="005">20220326193337.0</controlfield>
  <controlfield tag="008">030904s2003    ve a     bc   000 0 spa d</controlfield>
  <datafield tag="010" ind1=" " ind2=" ">
    <subfield code="a">  2004357748</subfield>
  </datafield>
  <datafield tag="020" ind1=" " ind2=" ">
    <subfield code="a">9806454057</subfield>
  </datafield>
  <datafield tag="035" ind1=" " ind2=" ">
    <subfield code="a">(OCoLC)ocm52967225</subfield>
  </datafield>
  <datafield tag="040" ind1=" " ind2=" ">
    <subfield code="a">RSD</subfield>
    <subfield code="c">RSD</subfield>
    <subfield code="d">DLC</subfield>
  </datafield>
  <datafield tag="041" ind1="0" ind2=" ">
    <subfield code="a">spa</subfield>
    <subfield code="a">eng</subfield>
  </datafield>
  <datafield tag="042" ind1=" " ind2=" ">
    <subfield code="a">lccopycat</subfield>
  </datafield>
  <datafield tag="082" ind1=" " ind2=" ">
    <subfield code="a">709.040.52</subfield>
    <subfield code="b">P471g</subfield>
  </datafield>
  <datafield tag="100" ind1="0" ind2=" ">
    <subfield code="a">Gego.</subfield>
    <subfield code="9">4161</subfield>
  </datafield>
  <datafield tag="245" ind1="1" ind2="0">
    <subfield code="a">Gego : obra completa, 1955-1990 /</subfield>
    <subfield code="c">[autores, Iris Peruga, Josefina N&#xFA;&#xF1;ez, Luis P&#xE9;rez Oramas, M&#xF3;nica Amor, Ruth Auerbach, Guadalupe Montenegro]</subfield>
  </datafield>
  <datafield tag="246" ind1="1" ind2="0">
    <subfield code="a">Gego, 1955-1990</subfield>
  </datafield>
  <datafield tag="260" ind1=" " ind2=" ">
    <subfield code="a">Caracas, Venezuela :</subfield>
    <subfield code="b">Fundaci&#xF3;n Cisneros,</subfield>
    <subfield code="b">Fundaci&#xF3;n Gego</subfield>
    <subfield code="b">Fundaci&#xF3;n Museo de Bellas Artes</subfield>
    <subfield code="c">2003.</subfield>
  </datafield>
  <datafield tag="300" ind1=" " ind2=" ">
    <subfield code="a">427 p.:</subfield>
    <subfield code="b">ill. (col.) ;</subfield>
    <subfield code="c">28 cm.</subfield>
  </datafield>
  <datafield tag="500" ind1=" " ind2=" ">
    <subfield code="a">"Preparado por la Fundaci&#xF3;n Museo de Bellas Artes, con la colaborac&#xED;on y asistencia de la Fundaci&#xF3;n Gego en ocasi&#xF3;n de la exposici&#xF3;n Gego 1955-1990 que se present&#xF3; en el Museo de Ballas Artes de Caracas en noviembre del 2000 a abril del 2001"--Colophon.</subfield>
  </datafield>
  <datafield tag="504" ind1=" " ind2=" ">
    <subfield code="a">Includes bibliographical references (p. 422-426).</subfield>
  </datafield>
  <datafield tag="505" ind1=" " ind2=" ">
    <subfield code="t">Gego. El prodigioso juego de crear  // Iris Peruga</subfield>
    <subfield code="t">Gego. 1955-1990 Cat&#xE1;logo ilustrado</subfield>
    <subfield code="t">La l&#xED;nea que se fue de paseo // Josefina N&#xFA;&#xF1;ez</subfield>
    <subfield code="t">Gego: Laocoonte, las redes y la indecisi&#xF3;n de las cosas // Luis P&#xE9;rez Oramas</subfield>
    <subfield code="t">Entre espacios: la reticul&#xE1;rea y su lugar en la historia // M&#xF3;nica Amor</subfield>
    <subfield code="t">Gego. 1955-1990 Museo de Bellas Artes, Caracas 2000-2001 // Fotograf&#xED;as de Paolo Gasparini</subfield>
    <subfield code="t">Gego. La construcci&#xF3;n de una did&#xE1;ctica // Ruth Auerbach</subfield>
    <subfield code="t">Cronolog&#xED;a. Bibliograf&#xED;a // Guadalupe Montenegro</subfield>
  </datafield>
  <datafield tag="546" ind1=" " ind2=" ">
    <subfield code="a">Text in Spanish and English.</subfield>
  </datafield>
  <datafield tag="600" ind1="0" ind2="0">
    <subfield code="a">Gego</subfield>
    <subfield code="v">Cat&#xE1;logos</subfield>
    <subfield code="9">4169</subfield>
  </datafield>
  <datafield tag="650" ind1=" " ind2=" ">
    <subfield code="a">Gego</subfield>
    <subfield code="9">4161</subfield>
  </datafield>
  <datafield tag="650" ind1=" " ind2=" ">
    <subfield code="a">Arte abstracto</subfield>
    <subfield code="9">4163</subfield>
  </datafield>
  <datafield tag="650" ind1=" " ind2=" ">
    <subfield code="a">Arte</subfield>
    <subfield code="z">Venezuela</subfield>
    <subfield code="9">4164</subfield>
  </datafield>
  <datafield tag="700" ind1="1" ind2=" ">
    <subfield code="a">Peruga, Iris.</subfield>
    <subfield code="9">4165</subfield>
  </datafield>
  <datafield tag="700" ind1="1" ind2=" ">
    <subfield code="a">N&#xFA;&#xF1;ez, Josefina.</subfield>
    <subfield code="9">4166</subfield>
  </datafield>
  <datafield tag="700" ind1="1" ind2=" ">
    <subfield code="a">P&#xE9;rez Oramas, Luis</subfield>
    <subfield code="9">4170</subfield>
  </datafield>
  <datafield tag="700" ind1="1" ind2=" ">
    <subfield code="a">Amor, M&#xF3;nica</subfield>
    <subfield code="9">4171</subfield>
  </datafield>
  <datafield tag="700" ind1="1" ind2=" ">
    <subfield code="a">Auerbach, Ruth</subfield>
    <subfield code="9">4172</subfield>
  </datafield>
  <datafield tag="700" ind1="1" ind2=" ">
    <subfield code="a">Montenegro, Guadalupe</subfield>
    <subfield code="9">4173</subfield>
  </datafield>
  <datafield tag="710" ind1="2" ind2=" ">
    <subfield code="a">Museo de Bellas Artes (Venezuela)</subfield>
    <subfield code="9">1509</subfield>
  </datafield>
  <datafield tag="710" ind1="2" ind2=" ">
    <subfield code="a">Fundaci&#xF3;n Museo de Bellas Artes (Venezuela)</subfield>
    <subfield code="9">4174</subfield>
  </datafield>
  <datafield tag="710" ind1="2" ind2=" ">
    <subfield code="a">Fundaci&#xF3;n Cisneros.</subfield>
    <subfield code="9">762</subfield>
  </datafield>
  <datafield tag="710" ind1="2" ind2=" ">
    <subfield code="a">Fundaci&#xF3;n Gego.</subfield>
    <subfield code="9">4175</subfield>
  </datafield>
  <datafield tag="906" ind1=" " ind2=" ">
    <subfield code="a">7</subfield>
    <subfield code="b">cbc</subfield>
    <subfield code="c">copycat</subfield>
    <subfield code="d">2</subfield>
    <subfield code="e">ncip</subfield>
    <subfield code="f">20</subfield>
    <subfield code="g">y-gencatlg</subfield>
  </datafield>
  <datafield tag="999" ind1=" " ind2=" ">
    <subfield code="c">778</subfield>
    <subfield code="d">778</subfield>
  </datafield>
  <datafield tag="952" ind1=" " ind2=" ">
    <subfield code="0">0</subfield>
    <subfield code="1">0</subfield>
    <subfield code="2">ddc</subfield>
    <subfield code="4">0</subfield>
    <subfield code="7">0</subfield>
    <subfield code="a">LV</subfield>
    <subfield code="b">LV</subfield>
    <subfield code="c">Monograf&#xED;as</subfield>
    <subfield code="d">2015-11-16</subfield>
    <subfield code="l">0</subfield>
    <subfield code="o">709.040.52 P471g</subfield>
    <subfield code="p">000792</subfield>
    <subfield code="r">2015-11-16 00:00:00</subfield>
    <subfield code="w">2015-11-16</subfield>
    <subfield code="y">01</subfield>
  </datafield>
</record>
